[Event "Udaipur Lakecity rapid op 1st"]
[Site "Udaipur"]
[Date "2019.09.14"]
[Round "2"]
[White "Vasquez Schroder, Rodrigo Rafael"]
[Black "Puneet, Manchanda"]
[Result "1-0"]
[WhiteElo "2476"]
[BlackElo "1680"]
[PlyCount "119"]
[EventDate "2019.09.14"]
[EventType "swiss (rapid)"]
[EventRounds "9"]
[EventCountry "IND"]
[SourceTitle "EXT 2020"]
[Source "ChessBase"]
[SourceDate "2019.10.17"]
[SourceVersion "1"]
[SourceVersionDate "2019.10.17"]
[SourceQuality "1"]

1. Nf3 Nf6 2. c4 e6 3. d4 Bb4+ 4. Bd2 Qe7 5. g3 Nc6 6. Nc3 Bxc3 7. Bxc3 Ne4 8. Rc1 Nxc3 9. Rxc3 d6 10. d5 Nb8 11. dxe6 fxe6 12. Nd4 e5 13. Nc2 0-0 14. Bg2 c6 15. Ne3 a5 16. Rd3 Rd8 17. 0-0 Na6 18. b3 Nc5 19. Rd2 Be6 20. Qc2 g6 21. Rfd1 Rd7 22. Qc3 Bf7 23. h3 Be6 24. a3 a4 25. b4 Nb3 26. Rb2 Rf8 27. Rf1 Qf6 28. Rxb3 axb3 29. Qxb3 Qf7 30. Qc3 Qf6 31. Qd3 Rfd8 32. b5 cxb5 33. Nd5 Qf5 34. e4 Qf7 35. cxb5 Bxd5 36. exd5 Rc8 37. h4 Qf5 38. Be4 Qf6 39. b6 Rc5 40. Bf3 Qf5 41. Be4 Qf6 42. Kg2 Rd8 43. h5 Kg7 44. Rh1 Rdc8 45. hxg6 hxg6 46. Qd2 Rh8 47. Rxh8 Kxh8 48. Qh6+ Kg8 49. Bxg6 Qg7 50. Qg5 Rc8 51. Qf5 Rf8 52. Qe6+ Kh8 53. Be4 Rf6 54. Qc8+ Qf8 55. Qc2 Kg7 56. a4 Qh8 57. Qc7+ Kh6 58. Qxb7 Qf8 59. Qh7+ Kg5 60. Qh4# 1-0